Directory of exporters of Indian produce and manufacturers. Pt 11 (Record no. 19839)

MARC details
000 -LEADER
fixed length control field 00318nam a2200109Ia 4500
082 ## - DEWEY DECIMAL CLASSIFICATION NUMBER
Classification number 382.6(058.7)
Item number DIR
245 #0 - TITLE STATEMENT
Title Directory of exporters of Indian produce and manufacturers. Pt 11
250 ## - EDITION STATEMENT
Edition statement Ed.11
260 ## - PUBLICATION, DISTRIBUTION, ETC. (IMPRINT)
Place of publication Delhi
Name of publisher Manager of Publications
Year of publication 1952
942 ## - ADDED ENTRY ELEMENTS (KOHA)
Koha item type Books
Holdings
Withdrawn status Lost status Damaged status Not for loan Home library Current library Date acquired Source of acquisition Full call number Accession Number Koha item type
        RRII Library RRII Library 16/12/2021 Auction 382.6(058.7) DIR 00569 Books